Fr. Conceicao Rodrigues College of Engineering

Machinery Handbook (Record no. 22801)

MARC details
000 -LEADER
fixed length control field 00296nam a2200133Ia 4500
100 ## - MAIN ENTRY--PERSONAL NAME
Personal name Oberg/Erik/ Jones/Franklin D
245 ## - TITLE STATEMENT
Title Machinery Handbook
260 ## - PUBLICATION, DISTRIBUTION, ETC.
Name of publisher, distributor, etc. Industrial Press Inc
Date of publication, distribution, etc. 1974
300 ## - PHYSICAL DESCRIPTION
Extent 2420
546 ## - LANGUAGE NOTE
Language note ENGLISH
654 ## - SUBJECT ADDED ENTRY--FACETED TOPICAL TERMS
Focus term machinery handbook
942 ## - ADDED ENTRY ELEMENTS (KOHA)
Koha item type BOOK
Holdings
Withdrawn status Lost status Damaged status Not for loan Collection Home library Current library Date acquired Source of acquisition Total Checkouts Full call number Barcode Date last seen Price effective from Koha item type
        CRC Fr. Agnel's C.Rodrigues College of Engineering Fr. Agnel's C.Rodrigues College of Engineering 17/03/2023 Professional Book House.   18309 17/03/2023   BOOK